Market orientation and public service performance: New public management gone mad? (Record no. 93409)

000 -LEADER
fixed length control field 01322pab a2200169 454500
008 - FIXED-LENGTH DATA ELEMENTS--GENERAL INFORMATION
fixed length control field 180718b2011 xxu||||| |||| 00| 0 eng d
100 ## - MAIN ENTRY--PERSONAL NAME
Personal name Walker, Richard M. et al
245 ## - TITLE STATEMENT
Title Market orientation and public service performance: New public management gone mad?
260 ## - PUBLICATION, DISTRIBUTION, ETC.
Date of publication, distribution, etc. 2011
300 ## - PHYSICAL DESCRIPTION
Extent p.707-717.
362 ## - DATES OF PUBLICATION AND/OR SEQUENTIAL DESIGNATION
Dates of publication and/or sequential designation Sep-Oct
520 ## - SUMMARY, ETC.
Summary, etc. The backbone of theory of the market-based approach New Public Management is that market orientation improves public service performance. In this article, market orientation is operationalized through the dominant theoretical framework in the business literature: competitor orientation, customer orientation, and interfunctional coordination. Market orientation is examined from the wantage point of three stakeholder groups in English local government: citizens, public servants, and the central government's agent, the Audit Commission. Findings show that market orientation works best for enhancing citizen satisfaction with local services, but its impacts on the performance judgments of local managers or the Audit Commission are negligible. The conclusion discusses important implications of these findings for research, policy, and practice. - Reproduced.
650 ## - SUBJECT ADDED ENTRY--TOPICAL TERM
Topical term or geographic name entry element Public administration
773 ## - HOST ITEM ENTRY
Main entry heading Public Administration Review
908 ## - PUT COMMAND PARAMETER (RLIN)
Put command parameter N
909 ## -
-- 93409
Holdings
Withdrawn status Lost status Damaged status Not for loan Permanent Location Current Location Date acquired Serial Enumeration / chronology Barcode Date last seen Price effective from Koha item type
        Indian Institute of Public Administration Indian Institute of Public Administration 2018-07-19 Volume no: 71, Issue no: 5 AR93869 2018-07-19 2018-07-19 Articles

Powered by Koha